000
00289nam a2200121Ia 4500
008
190216s9999||||xx |||||||||||||| ||und||
100
_a
Kuchhal S C
245
0
_a
Financial Management
260
_b
Chaithanya Pub.House Allahabad
_c
1986
300
_a
562p
650
_a
Commerce
942
_c
BK
999
_c
5227
_d
5227